000
00159 a2200085 4500
041
_a
spa
100
_a
Santillana
245
_a
Procesos Naturales 6
942
_c
BK
999
_c
15817
_d
15817